| 000 | 00948cam a2200265 a 4500 | ||
|---|---|---|---|
| 999 |
_c5416 _d5416 |
||
| 001 | 15107 | ||
| 003 | BD-DhUAP | ||
| 005 | 20201210145452.0 | ||
| 008 | 201210r20091996ilua b 001 0 eng | ||
| 020 | _a1574910167 (hbk.) | ||
| 040 |
_aDLC _cDLC _dBD-DhUAP _beng |
||
| 082 | 0 | 0 |
_a615.19 BIO _223 |
| 245 | 0 | 0 |
_aBiotechnology and biopharmaceutical manufacturing, processing, and preservation / _cEdited by Kenneth E. Avis and Vincent L. Wu. |
| 260 |
_aBuffalo Grove, IL : _bInterpharm Press, _cc1996 [Reprinted 2009]. |
||
| 300 |
_axiv, 386 pages : _billustrations ; _c24 cm. |
||
| 490 |
_aDrug manufacturing technology series ; _vv. 2. |
||
| 504 | _aIncludes bibliographical references and indexes. | ||
| 650 | 0 | _aBiochemical engineering. | |
| 650 | 0 |
_aProtein drugs _xStorage. |
|
| 650 | 0 |
_aProtein drugs _xPreservation. |
|
| 650 | 0 | _aPharmaceutical biotechnology. | |
| 700 | 1 | _aAvis, Kenneth E. | |
| 700 | 1 | _aWu, Vincent L. | |
| 942 |
_2ddc _cBK |
||